|
|
|
|
| LEADER |
00000nam0a2200000 4500 |
| 001 |
33504 |
| 005 |
20231101210153.0 |
| 035 |
|
|
|a (RuTPU)RU\TPU\book\33850
|
| 035 |
|
|
|a BOOK00000501
|
| 090 |
|
|
|a 33504
|
| 100 |
|
|
|a 20011210d1978 km y0rusy50 ca
|
| 101 |
0 |
|
|a rus
|
| 102 |
|
|
|a RU
|
| 105 |
|
|
|a y z 000zy
|
| 200 |
1 |
|
|a Методы планирования и обработки результатов физического эксперимента
|f Л. С. Зажигаев, А. А. Кишьян, Ю. И. Романиков
|
| 210 |
|
|
|a Москва
|c Атомиздат
|d 1978
|
| 215 |
|
|
|a 232 с.
|
| 606 |
1 |
|
|a Физический эксперимент
|x Обработка результатов
|2 stltpush
|3 (RuTPU)RU\TPU\subj\63845
|9 80778
|
| 610 |
1 |
|
|a математическое моделирование
|
| 610 |
1 |
|
|a производственные процессы
|
| 610 |
1 |
|
|a оптимизация
|
| 610 |
1 |
|
|a методы планирования
|
| 610 |
1 |
|
|a обработка
|
| 610 |
1 |
|
|a результаты
|
| 675 |
|
|
|a 53.05
|v 3
|
| 700 |
|
1 |
|a Зажигаев
|b Л. С.
|g Леонид Степанович
|
| 701 |
|
1 |
|a Кишьян
|b А. А.
|g Анатолий Аршакович
|
| 701 |
|
1 |
|a Романиков
|b Ю. И.
|g Юрий Иванович
|
| 801 |
|
0 |
|a RU
|b 63413507
|c 20011210
|g PSBO
|
| 801 |
|
2 |
|a RU
|b 63413507
|c 20180820
|g PSBO
|
| 900 |
|
|
|a Математическое моделирование и оптимизация производственных процессов
|
| 900 |
|
|
|a Основы теории инженерно-физического эксперимента
|
| 900 |
|
|
|a Методы математического моделирования физического эксперимента
|
| 942 |
|
|
|c BK
|